000 00511nam a22001577a 4500
003 OSt
005 20201211123516.0
008 201210b 1990 dr 00| 0 eng d
040 _aDO-SdBNP
_bspa
_cBNPHU
245 0 0 _aSan José, custodio del redentor :
_bEnciclica de Juan Pablo II.
260 _aLa Vega, República Dominicana :
_b[s. n.],
_c1990.
300 _a14 p. ;
_c21 cm.
500 _aMeditada durante el mes o novena dedicados a San José.
590 _aInventariado, 2020 /LP
942 _2ddc
_cLBS1
999 _c49272
_d49272